Erkenne den Valorant Agent (Voiceline) - Statistiken

Allgemein
  • Dieses Quiz wurde 1.223 mal gespielt
  • Das Durchschnittsergebnis liegt bei 11 aus 15
Antwortstatistiken
Voiceline De/Eng Valorant Agent % Korrekt
Open up the Sky!/ Lasst den Himmel leuchten! Brimstone
97%
You will not kill my allies/ Ihr werdet meine Verbündeten nicht töten Sage
89%
Where is everyone hiding/ Na wo verstecken sich denn alle? Cypher
88%
Here comes the party!/ Jetzt geht die Party ab! Raze
86%
Joke’s over, you’re dead!/ Klappe zu Affe tot Phoenix
84%
They will cower/ Sie werden sich beugen Reyna
82%
I’ve got your trail/ Ich bin euch auf der Spur Skye
76%
Get out of my way!/ Aus dem Weg! Jett
74%
You are divided!/ Du bist entzweit! Astra
73%
You should run/ Also ich würd besser abhauen Killjoy
70%
Nowhere to run!/ Kein Entkommen Sova
66%
Watch them run/ Seht wie sie rennen Omen
65%
Let’s go!/ Auf Gehts! Breach
57%
I’ll handle this/ Ich erledige das Yoru
57%
Don´t get in my way/ Geht mir aus dem Weg Viper
55%
Keine übereinstimmenden Quizze gefunden
Verteilung der Resultate
Anzahl Personen mit jedem Resultat
Perzentil nach korrekt beantworteten Fragen
Ihre Resultats-Entwicklung
Sie haben dieses Quiz noch nicht gespielt